000 00303nam a22001337a 4500
008 171011b xxu||||| |||| 00| 0 eng d
020 _a9780807046135
041 _aeng
080 _a316
100 _a50
101 _aSOC
245 _aNEGOTTIANG GENDER IN AMERICAN
_cGINSBURG.F
942 _2udc
_cBK
999 _c33096
_d33096